The effects of various treatments of truncation remainders on tests of hypotheses in distributed lag models (Registro nro. 26059)

Detalles MARC
000 -LEADER
fixed length control field 00427 a2200121 4500
001 - CONTROL NUMBER
control field ART_12058
005 - DATE AND TIME OF LATEST TRANSACTION
control field 20260410161902.0
008 - FIXED-LENGTH DATA ELEMENTS--GENERAL INFORMATION
fixed length control field 260409a
100 1# - MAIN ENTRY--PERSONAL NAME
Personal name Schmidt, Peter
245 10 - TITLE STATEMENT
Title The effects of various treatments of truncation remainders on tests of hypotheses in distributed lag models
700 1# - ADDED ENTRY--PERSONAL NAME
Personal name Guilkey, David K.
773 0# - HOST ITEM ENTRY
Title Journal of econometrics
Related parts - Vol. 4, Nº 3 (ago. 1976)
Record control number REV11720

No hay ítems disponibles.